| 000 | 00352nam a22001457a 4500 | ||
|---|---|---|---|
| 008 | 210305b ||||| |||| 00| 0 eng d | ||
| 020 | _a0721629199 | ||
| 041 | _aeng | ||
| 080 |
_22nd _a51 |
||
| 082 | _a51 | ||
| 100 | _a36 | ||
| 101 | _aMAT | ||
| 245 |
_aMathematical Methods for Introductory Physics with Calculus _cDavidson, R.C |
||
| 942 |
_2udc _cBK |
||
| 999 |
_c55849 _d55849 |
||